Gairm. (Record no. 29)
[ view plain ]
| 000 -LEADER | |
|---|---|
| fixed length control field | 00773cas a2200301 a 4500 |
| 001 - CONTROL NUMBER | |
| control field | 11388674 |
| 003 - CONTROL NUMBER IDENTIFIER | |
| control field | OSt |
| 005 - DATE AND TIME OF LATEST TRANSACTION | |
| control field | 20200421093817.0 |
| 008 - FIXED-LENGTH DATA ELEMENTS--GENERAL INFORMATION | |
| fixed length control field | 850904d19522002stkqr p o 0 0gla d |
| 010 ## - LIBRARY OF CONGRESS CONTROL NUMBER | |
| LC control number | 91648525 |
| 022 ## - INTERNATIONAL STANDARD SERIAL NUMBER | |
| International Standard Serial Number | 0016-3929 |
| 035 ## - SYSTEM CONTROL NUMBER | |
| System control number | (OCoLC)ocm12488010 |
| 037 ## - SOURCE OF ACQUISITION | |
| Stock number | Test55 |
| 040 ## - CATALOGING SOURCE | |
| Original cataloging agency | MU |
| Transcribing agency | MU |
| Modifying agency | DLC |
| -- | NST |
| -- | DLC |
| -- | MH |
| 042 ## - AUTHENTICATION CODE | |
| Authentication code | lc |
| 050 00 - LIBRARY OF CONGRESS CALL NUMBER | |
| Classification number | AP75 |
| Item number | .G35 |
| 245 00 - TITLE STATEMENT | |
| Title | Gairm. |
| 260 ## - PUBLICATION, DISTRIBUTION, ETC. | |
| Place of publication, distribution, etc. | Glaschu : |
| Name of publisher, distributor, etc. | [s.n.], |
| Date of publication, distribution, etc. | 1952-2002. |
| 300 ## - PHYSICAL DESCRIPTION | |
| Extent | v. : |
| Other physical details | ill. ; |
| Dimensions | 21 cm. |
| 310 ## - CURRENT PUBLICATION FREQUENCY | |
| Current publication frequency | Quarterly |
| 362 0# - DATES OF PUBLICATION AND/OR SEQUENTIAL DESIGNATION | |
| Dates of publication and/or sequential designation | Aireamh 1 (foghar 1952)-aireamh 200 (foghar 2002). |
| 546 ## - LANGUAGE NOTE | |
| Language note | Text in Gaelic. |
| 590 ## - LOCAL NOTE (RLIN) | |
| Local note | SERBIB/SERLOC merged record |
| 690 ## - LOCAL SUBJECT ADDED ENTRY--TOPICAL TERM (OCLC, RLIN) | |
| Source of heading or term | a |
| 906 ## - LOCAL DATA ELEMENT F, LDF (RLIN) | |
| a | 7 |
| b | cbc |
| c | serials |
| d | 3 |
| e | ncip |
| f | 19 |
| g | n-oclcserc |
| 942 ## - ADDED ENTRY ELEMENTS (KOHA) | |
| Source of classification or shelving scheme | Dewey Decimal Classification |
| Koha item type | Books |
| Serial record flag | 1 |
| Withdrawn status | Lost status | Damaged status | Not for loan | Collection | Home library | Current library | Shelving location | Date acquired | Barcode | Date last seen | Price effective from | Koha item type |
|---|---|---|---|---|---|---|---|---|---|---|---|---|
| Reference | Centerville | Centerville | General stacks | 09/04/2014 | 39999000001310 | 09/04/2014 | 09/04/2014 | Books |